000 00443nam a2200181Ia 4500
003 STCL
008 221019s9999 xx 000 0 und d
020 _a9789385965579
040 _aSTCL
_cSTCL
_bEN
082 _222
100 _aChandra, Prasanna
245 0 _aInvestment analysis and portfolio management
250 _a5
260 _bMcGraw Hill Education
_aChennai
_c2017
365 _b725
546 _aEnglish
942 _cBK
_2DDC
_e22
999 _c88130
_d88130